Deutsche Nobelpreisträger 1901 - 2021 - Statistiken

Allgemein
  • Dieses Quiz wurde 71 mal gespielt
  • Das Durchschnittsergebnis liegt bei 14 aus 96
Antwortstatistiken
Jahr Bereich Name % Korrekt
1921 Physik ☢️ Albert Einstein
88%
1999 Literatur 📚 Günter Grass
72%
1929 Literatur 📚 Thomas Mann
67%
1971 Frieden 🕊 Willy Brandt
67%
1901 Physik ☢️ Wilhelm Conrad Röntgen
62%
1905 Physiologie /Medizin 💊 Robert Koch
57%
1918 Physik ☢️ Max Planck
53%
1944 Chemie ⚗ Otto Hahn
52%
1972 Literatur 📚 Heinrich Böll
50%
1932 Physik ☢️ Werner Heisenberg
47%
2009 Literatur 📚 Herta Müller
45%
1946 Literatur 📚 Hermann Hesse
40%
1926 Frieden 🕊 Gustav Stresemann
38%
1912 Literatur 📚 Gerhart Hauptmann
31%
1931 Chemie ⚗ Carl Bosch
29%
1902 Literatur 📚 Theodor Mommsen
29%
1952 Frieden 🕊 Albert Schweitzer
24%
1918 Chemie ⚗ Fritz Haber
24%
1909 Physik ☢️ Karl Ferdinand Braun
24%
1935 Frieden 🕊 Carl von Ossietzky
21%
1963 Physik ☢️ Maria Goeppert - Mayer
19%
1991 Physiologie /Medizin 💊 Bert Sakmann
17%
1925 Physik ☢️ Gustav Hertz
17%
1908 Physiologie /Medizin 💊 Paul Ehrlich
17%
1966 Literatur 📚 Nelly Sachs
16%
1901 Physiologie /Medizin 💊 Emil von Behring
14%
1922 Physiologie /Medizin 💊 Otto Meyerhof
14%
1902 Chemie ⚗ Emil Fischer
12%
1973 Chemie ⚗ Ernst Otto Fischer
12%
1930 Chemie ⚗ Hans Fischer
12%
2014 Chemie ⚗ Stefan Hell
12%
1989 Physik ☢️ Wolfgang Paul
12%
2021 Chemie ⚗ Benjamin List
9%
1995 Physiologie /Medizin 💊 Christiane Nüsslein - Volhard
9%
2000 Physik ☢️ Herbert Kroemer
9%
1953 Chemie ⚗ Hermann Staudinger
9%
1905 Physik ☢️ Philipp Lenard
9%
1920 Chemie ⚗ Walther Hermann Nernst
9%
1927 Frieden 🕊 Alfred Ludwig Quidde
7%
1931 Chemie ⚗ Friedrich Bergius
7%
2008 Physiologie /Medizin 💊 Harald zur Hausen
7%
2017 Chemie ⚗ Joachim Frank
7%
1963 Chemie ⚗ Karl Ziegler
7%
1950 Chemie ⚗ Kurt Alder
7%
1967 Chemie ⚗ Manfred Eigen
7%
1910 Literatur 📚 Paul Heyse
7%
1908 Literatur 📚 Rudolf Eucken
7%
1909 Chemie ⚗ Wilhelm Ostwald
7%
1911 Physik ☢️ Wilhelm Wien
7%
1905 Chemie ⚗ Adolf von Baeyer
5%
1907 Chemie ⚗ Eduard Buchner
5%
1991 Physiologie /Medizin 💊 Erwin Neher
5%
1979 Chemie ⚗ Georg Wittig
5%
1927 Chemie ⚗ Heinrich Wieland
5%
2021 Physik ☢️ Klaus Hasselmann
5%
1914 Physik ☢️ Max von Laue
5%
1950 Chemie ⚗ Otto Diels
5%
2007 Physik ☢️ Peter Grünberg
5%
1915 Chemie ⚗ Richard Willstaetter
5%
1988 Chemie ⚗ Robert Huber
5%
2013 Physiologie /Medizin 💊 Thomas Südhof
5%
1939 Chemie ⚗ Adolf Butenandt
3%
1928 Chemie ⚗ Adolf Windaus
3%
1910 Physiologie /Medizin 💊 Albrecht Kossel
3%
1986 Physik ☢️ Ernst Ruska
3%
1984 Physiologie /Medizin 💊 Georges J. F. Köhler
3%
1986 Physik ☢️ Gerd Binnig
3%
1939 Physiologie /Medizin 💊 Gerhard Domagk
3%
2007 Chemie ⚗ Gerhard Ertl
3%
1989 Physik ☢️ Hans Georg Dehmelt
3%
1935 Physiologie /Medizin 💊 Hans Spemann
3%
1988 Chemie ⚗ Hartmut Michel
3%
1998 Physik ☢️ Horst L. Störmer
3%
1987 Physik ☢️ Johannes Georg Bednorz
3%
1963 Physik ☢️ Johannes Hans Jensen
3%
1919 Physik ☢️ Johannes Stark
3%
1954 Physik ☢️ Max Born
3%
1936 Physiologie /Medizin 💊 Otto Loewi
3%
1910 Chemie ⚗ Otto Wallach
3%
1931 Physiologie /Medizin 💊 Otto Warburg
3%
2020 Physik ☢️ Reinhard Genzel
3%
1925 Chemie ⚗ Richard Zsigmondy
3%
1961 Physik ☢️ Rudolf Ludwig Mößbauer
3%
1954 Physik ☢️ Walther Bothe
3%
1988 Chemie ⚗ Werner Deisenhofer
3%
1956 Physiologie /Medizin 💊 Werner Forßmann
3%
2001 Physik ☢️ Wolfgang Ketterle
3%
1964 Physiologie /Medizin 💊 Feodor Lynen
2%
1999 Physiologie /Medizin 💊 Günter Blobel
2%
1973 Physiologie /Medizin 💊 Karl Ritter von Frisch
2%
1985 Physik ☢️ Klaus von Klitzring
2%
1964 Physiologie /Medizin 💊 Konrad Bloch
2%
1969 Physiologie /Medizin 💊 Max Delbrück
2%
1943 Physik ☢️ Otto Stern
2%
1994 Wirtschaftswissenschaften💲 Reinhard Selten
2%
2005 Physik ☢️ Theodor Hänsch
2%
Keine übereinstimmenden Quizze gefunden
Verteilung der Resultate
Anzahl Personen mit jedem Resultat
Perzentil nach korrekt beantworteten Fragen
Ihre Resultats-Entwicklung
Sie haben dieses Quiz noch nicht gespielt